Heitor dos Prazeres (Record no. 74803)

MARC details
000 -LÍDER
campo de controle de tamanho fixo 00339 a2200157 4500
001 - NÚMERO DE CONTROLE
campo de controle 74803
020 ## - ISBN - INTERNATIONAL STANDARD BOOK NUMBER
ISBN - International Standard Book Number 9788581930626
040 ## - FONTE DA CATALOGAÇÃO
Instituição que transcreveu o registro Anchieta - Colégio São Paulo
100 ## - ENTRADA PRINCIPAL--NOME PESSOAL
Nome pessoal Dias, Elaine
240 10 - TÍTULO UNIFORME
Título uniforme Heitor dos Prazeres
Idioma da obra por
245 10 - TÍTULO
Título Heitor dos Prazeres
300 ## - DESCRIÇÃO FÍSICA
Extensão 92
362 0# - DATAS DE PUBLICAÇÃO E/OU DESIGNAÇÃO SEQUENCIAL
Datas de publicação e/ou designação sequencial 2013
650 #4 - ASSUNTO--TERMO TÓPICO
Cabeçalho tópico ou nome geográfico Pintura
942 ## - ELEMENTOS DE ENTRADA ADICIONADOS (KOHA)
Tipo de material Koha Livros
Holdings
Situação do descarte Situação das perdas Situação física Não pode ser emprestado Biblioteca de origem Biblioteca atual Data de aquisição Total de empréstimos Número de chamada completo Código de barras Data de último acesso Data do preço efetivo Tipo de material Koha
        Colégio São Paulo Colégio São Paulo 22/11/2023   750 D541h 5825/CSP 22/11/2023 22/11/2023 Livros
        Colégio São Paulo Colégio São Paulo 22/11/2023   750 E771h 5832/CSP 22/11/2023 22/11/2023 Livros
        Colégio São Paulo Colégio São Paulo 22/11/2023   750 R929p 5833/CSP 22/11/2023 22/11/2023 Livros
        Colégio São Paulo Colégio São Paulo 22/11/2023   750 C837b 5834/CSP 22/11/2023 22/11/2023 Livros
        Colégio São Paulo Colégio São Paulo 22/11/2023   750 C746w 5835/CSP 22/11/2023 22/11/2023 Livros
        Colégio São Paulo Colégio São Paulo 22/11/2023   750 E516m 5836/CSP 22/11/2023 22/11/2023 Livros
        Colégio São Paulo Colégio São Paulo 22/11/2023   750 R929d 5837/CSP 22/11/2023 22/11/2023 Livros
        Colégio São Paulo Colégio São Paulo 22/11/2023   750 B813h 5838/CSP 22/11/2023 22/11/2023 Livros